000 00575cam a2200229 i 4500
001 26782
003 Mx-PuUPA
005 20231024133505.0
008 140415s2000 000 0 spa d
020 _a9685087253
040 _cMx-PuUPA
041 _aspa
082 _a
_b
100 1 _aGómez Álvarez, David
245 1 0 _aEducar en el federalismo :
_bla política de descentralización educativa en México
260 _a
_b
_c
300 _a191 páginas :
_btablas ;
_c23 cm
502 _a
650 1 7 _a
700 1 _a
_e
942 _2ddc
_cLI
_hx
_ix
_n
999 _c26782
_d26782